000 01064nam a2200337 i 4500
001 200459528
003 TR-AnTOB
005 20250116103420.0
007 ta
008 240205s2023 tu b 001 0 tur d
020 _a9789750286797
_q(paperback)
035 _a(TR-AnTOB)200459528
040 _aTR-AnTOB
_beng
_erda
_cTR-AnTOB
041 0 _atur
050 4 _aKKX3800
_b.K63 2023
090 0 0 _aKKX3800
_b.K63 2023
100 1 _aKoca, Mahmut
_eauthor
_9121199
245 1 0 _aTürk ceza hukuku genel hükümler /
_cProf. Dr. Mahmut Koca ; Prof. Dr. İlhan Üzülmez.
250 _aGözden geçirilmiş ve güncellenmiş 16. baskı.
264 1 _aAnkara :
_bSeçkin Yayıncılık,
_c2023.
300 _a903 pages ;
_c24 cm
336 _atext
_btxt
_2rdacontent
337 _aunmediated
_bn
_2rdamedia
338 _avolume
_bnc
_2rdacarrier
490 0 _aSeçkin Hukuk ;
_vno: 877
504 _aBIBINDX
650 7 _aCeza hukuku
_zTürkiye
_2etuturkob
_948989
700 1 _aÜzülmez, İlhan
_eauthor
_9121200
942 _2lcc
_cBK
999 _c200459528
_d77740